Ekonomická lukrativita pestovania pyrethra (botanický insekticíd) a možnosti marketingovej realizácie drogy diplomová práca

Salvato in:
Dettagli Bibliografici
Autore principale: Volák, Marek
Ente Autore: Podnikovohospodárska fakulta EU so sídlom v Košiciach. Katedra marketingu a obchodu
Altri autori: Tóth, Štefan
Natura: Libro
Lingua:slovacco
Pubblicazione: Košice 2011
Tags: Aggiungi Tag
Nessun Tag, puoi essere il primo ad aggiungerne!!

MARC

LEADER 00000nbm a2200000 4500
001 0139363
005 20161109101916.8
041 0 |a slo 
044 |a SK 
245 1 0 |a Ekonomická lukrativita pestovania pyrethra (botanický insekticíd) a možnosti marketingovej realizácie drogy  |b diplomová práca  |c Marek Volák ; školiteľ: Štefan Tóth 
264 1 |a Košice  |c 2011 
300 |a 79 s. 
100 1 |a Volák, Marek 
700 1 |a Tóth, Štefan 
710 2 |a Podnikovohospodárska fakulta EU so sídlom v Košiciach. Katedra marketingu a obchodu